000
00291 a2200145 4500
001
154792
040
_c
Escola São Tomás de Aquino
240
1
0
_a
História 5
_l
por
245
1
0
_a
História 5
300
_a
152
362
0
_a
2016
440
1
_a
Ática
697
_a
HISTÓRIA
942
_c
BK
999
_c
154792
_d
154792